000 00469cam a22001571 4500
082 _a671.36
_bWIN
_cL-12, P-12
100 1 _aWinning, John.
_945344
245 1 0 _aPrinciples and practice of heat treatment.
250 _a2d ed.
260 _aManchester [Eng.]
_bEmmott,
_c1945.
300 _a108 p.
_billus.
_c19 cm.
500 _a"First published February, 1941."
526 _a0
_b0
_c0
_d671_360000000000000_WIN
650 0 _aMetals
_xHeat treatment.
942 _2ddc
_cBK
999 _c548887
_d548887